| 000 | 00478cam a2200193ua 4500 | ||
|---|---|---|---|
| 020 | _c18.00 | ||
| 041 |
_aeng _h |
||
| 082 |
_a530 _bJOH/ AD |
||
| 100 | _aJohns, K V . | ||
| 245 |
_aAdvanced level exambles in physics / _cK V Johns. _hTextual Documents |
||
| 250 |
_a1 / _b. |
||
| 260 |
_aNewyork : _bMacMillan and Company Limited , _c1965. |
||
| 300 | _a348 ; . | ||
| 365 | _a18.00 | ||
| 504 | _a | ||
| 700 | 1 | _aWare, W F . | |
| 942 | _cBK | ||
| 999 |
_c2226 _d2226 |
||